MARC details
| 000 -CABECERA |
| campo de control de longitud fija |
03503nam a2200325 a 4500 |
| 001 - NÚMERO DE CONTROL |
| campo de control |
000008150 |
| 005 - FECHA Y HORA DE LA ÚLTIMA TRANSACCIÓN |
| campo de control |
20250624095821.0 |
| 008 - DATOS DE LONGITUD FIJA--INFORMACIÓN GENERAL |
| campo de control de longitud fija |
090915t1995 dr c 001 j spa d |
| 040 ## - FUENTE DE LA CATALOGACIÓN |
| Centro catalogador/agencia de origen |
DO-SdBNP |
| Lengua de catalogación |
spa |
| Centro/agencia transcriptor |
BNPHU |
| 082 ## - NÚMERO DE LA CLASIFICACIÓN DECIMAL DEWEY |
| Número de clasificación |
RD863.4408 |
| Número de documento/Ítem |
A634c |
| 245 00 - MENCIÓN DE TÍTULO |
| Título |
Antología del cuento psicológico de la República Dominicana / |
| Mención de responsabilidad, etc. |
compilación, introducción y notas Domingo Hernández Contreras ; prólogo Antonio Zaglul, Josefina Záiter de Zaglul. |
| 260 ## - PUBLICACIÓN, DISTRIBUCIÓN, ETC. |
| Lugar de publicación, distribución, etc. |
Santo Domingo : |
| Nombre del editor, distribuidor, etc. |
Universidad Iberoamericana , |
| Fecha de publicación, distribución, etc. |
1995. |
| 300 ## - DESCRIPCIÓN FÍSICA |
| Extensión |
272 p. ; |
| Dimensiones |
27 cm. |
| 490 1# - MENCIÓN DE SERIE |
| Mención de serie |
Textos Universitarios |
| Designación de volumen o secuencia |
9 |
| 500 ## - NOTA GENERAL |
| Nota general |
Incluye índice de autores |
| 504 ## - NOTA DE BIBLIOGRAFÍA, ETC. |
| Nota de bibliografía, etc. |
Incluye referencias bibliográficas y notas al pie de las páginas. |
| 504 ## - NOTA DE BIBLIOGRAFÍA, ETC. |
| Nota de bibliografía, etc. |
Bibliografía : p. 263-268 |
| 505 0# - NOTA DE CONTENIDO CON FORMATO |
| Nota de contenido con formato |
Prólogo psicológico -- Introducción -- Escritores precursores del cuento psicológico : Fabio Fiallo / Ernesto de Anquises -- Manuel Antonio Patín Maceo / El sofá -- Renato de Soto / Antojo femenino -- José Ramón López / El loco -- Manuel F. Cestero / La verdad es amarga como el alóe -- Escritores de transición del cuento psicológico : Carmen Stengre / El ciempiés -- Ramón Marero Aristy / Una razón -- Ángel A. Hernández Acosta / Mi amigo Pedro -- Carmen Lara Fernández / El ladrón -- -- Juan A. Vicioso V. / Ironías del destino -- Enrique Cotubanama Henríquez / El pájaro -- José Mariano Sanz Lajara / Los pasos venían detrás -- Sócrates Nolasco / Don Sebastián se entusiasma -- Freddy Miller Otero / El lago de los patos -- Tomás Hernández Franco / El presidente -- Lorenzo Justiniano Bobea / Contrariado -- Manuel de Jesús Troncoso de la Concha / Una decepción -- Miguel Ángel Jiménez / Honor trinitario -- |
| 505 0# - NOTA DE CONTENIDO CON FORMATO |
| Nota de contenido con formato |
Escritores contemporáneos del cuento psicológico : Arturo Rodríguez Fernández / El final de los héroes -- Virgilio Díaz Grullón / Edipo -- René del Risco Bermúdez / El cuarto.-- Armando Almánzar Rodríguez / Infancia feliz -- José Alcántara Almánzar / La obsesión de Eva -- Otto Oscar Milaneses / Avenida soledad y noche de callejas -- Bonaparte Gautreaux Pieyro / Esa maldita fila -- -- Iván García / Vivir es buena razón -- José Enrique García / Oficio de ocioso -- Juan Bosch / El algarrobo -- Ramón Lacay Polanco / El hijo -- Ángel Rafael Lamarche / Pero él era así -- Santiago Estrella Veloz / Un idiota -- Luis Martín Gómez / Ana la princesa -- Virgilio Hoepelman / El perro del hortelano -- Hilma Contreras / El cumpleaños de Vitalina -- José Ulises Franco / La tragedia de un hombre celoso -- Néstor Caro / Un hombre de la calle -- Ramón Francisco / La moneda gastada -- Miguel Alfonseca / El hombre que cruza la esquina -- Daniel Baruc Espinal / Víspera de la víspera -- Marcio Veloz Maggiolo /La fértil agonía del amor -- Roberto Marcalle Abreu / El minúsculo infierno del señor Lucas -- Diógenes Valdez / Todo puede suceder un día -- índice de autores -- Bibliografía -- índice general. |
| 590 ## - NOTA LOCAL (RLIN) |
| Nota local |
Inventariado, 2018/BT |
| 650 #4 - PUNTO DE ACCESO ADICIONAL DE MATERIA--TÉRMINO DE MATERIA |
| Término de materia o nombre geográfico como elemento de entrada |
Cuentos dominicanos |
| Subdivisión general |
Colecciones |
| 9 (RLIN) |
503 |
| 650 #0 - PUNTO DE ACCESO ADICIONAL DE MATERIA--TÉRMINO DE MATERIA |
| Término de materia o nombre geográfico como elemento de entrada |
Literatura dominicana. |
| 9 (RLIN) |
67 |
| 650 #4 - PUNTO DE ACCESO ADICIONAL DE MATERIA--TÉRMINO DE MATERIA |
| Término de materia o nombre geográfico como elemento de entrada |
Psicologia en la literatura |
| 9 (RLIN) |
22123 |
| 651 #4 - PUNTO DE ACCESO ADICIONAL DE MATERIA--NOMBRE GEOGRÁFICO |
| Nombre geográfico |
República Dominicana |
| Subdivisión general |
Antologías Literarias |
| 9 (RLIN) |
22124 |
| 700 1# - PUNTO DE ACCESO ADICIONAL--NOMBRE DE PERSONA |
| Nombre de persona |
Hernández Contreras, Domingo, |
| Fechas asociadas al nombre |
1963- |
| Término indicativo de función/relación |
comp. |
| 9 (RLIN) |
22125 |
| 700 1# - PUNTO DE ACCESO ADICIONAL--NOMBRE DE PERSONA |
| Nombre de persona |
Zaglul, Antonio, |
| Fechas asociadas al nombre |
1920-1996 |
| Término indicativo de función/relación |
pról. |
| 9 (RLIN) |
69657 |
| 700 1# - PUNTO DE ACCESO ADICIONAL--NOMBRE DE PERSONA |
| Nombre de persona |
Záiter Mejía, Alba Josefina |
| Término indicativo de función/relación |
pról. |
| 9 (RLIN) |
2002 |
| 830 #0 - PUNTO DE ACCESO ADICIONAL DE SERIE-TÍTULO UNIFORME |
| Título uniforme |
Textos Univesitarios ; |
| Número de parte o sección de la obra |
9 |
| 9 (RLIN) |
22127 |
| 910 ## - DATOS DE OPCIÓN DEL USUARIO (OCLC) |
| Datos de opción del usuario |
Validado. Control de calidad. MMOLINA |